Health assessment in nursing / (Record no. 792)

000 -LEADER
fixed length control field 01606nam a22004457a 4500
001 - CONTROL NUMBER
control field 4434738
003 - CONTROL NUMBER IDENTIFIER
control field OSt
005 - DATE AND TIME OF LATEST TRANSACTION
control field 20210422054548.0
008 - FIXED-LENGTH DATA ELEMENTS--GENERAL INFORMATION
fixed length control field 940927s1995 caua b 001 0 eng c
010 ## - LIBRARY OF CONGRESS CONTROL NUMBER
LC control number 94038953
020 ## - INTERNATIONAL STANDARD BOOK NUMBER
International Standard Book Number 0805373470
040 ## - CATALOGING SOURCE
Original cataloging agency DNLM/DLC
Transcribing agency DLC
Modifying agency eng
Language of cataloging eng
041 ## - LANGUAGE CODE
Language code of text/sound track or separate title eng
050 00 - LIBRARY OF CONGRESS CALL NUMBER
Classification number RT48
Item number .H446 1995
060 00 - NATIONAL LIBRARY OF MEDICINE CALL NUMBER
Classification number WY 18 H4344 1995
080 ## - UNIVERSAL DECIMAL CLASSIFICATION NUMBER
Universal Decimal Classification number 616
Item number H-43
082 00 - DEWEY DECIMAL CLASSIFICATION NUMBER
Classification number 610.73
Edition number 20
245 00 - TITLE STATEMENT
Title Health assessment in nursing /
Statement of responsibility, etc. Lina K. Sims ... [et al.].
Remainder of title / by: Addison-Wesley Pub. Co.
260 ## - PUBLICATION, DISTRIBUTION, ETC.
Place of publication, distribution, etc. Redwood City, Calif. :
Name of publisher, distributor, etc. Addison-Wesley Pub. Co.,
Date of publication, distribution, etc. c1995.
300 ## - PHYSICAL DESCRIPTION
Extent xvii, 776 p. :
Other physical details ill. (chiefly col.) ;
Dimensions 29 cm.
504 ## - BIBLIOGRAPHY, ETC. NOTE
Bibliography, etc. note Includes bibliographical references (p. 733-740) and index.
650 #0 - SUBJECT ADDED ENTRY--TOPICAL TERM
Topical term or geographic name entry element Nursing assessment.
650 #0 - SUBJECT ADDED ENTRY--TOPICAL TERM
Topical term or geographic name entry element Diagnostics
9 (RLIN) 77
650 #0 - SUBJECT ADDED ENTRY--TOPICAL TERM
Topical term or geographic name entry element Holistic nursing.
650 #0 - SUBJECT ADDED ENTRY--TOPICAL TERM
Topical term or geographic name entry element Physical diagnosis.
650 12 - SUBJECT ADDED ENTRY--TOPICAL TERM
Topical term or geographic name entry element Nursing Assessment.
650 22 - SUBJECT ADDED ENTRY--TOPICAL TERM
Topical term or geographic name entry element Medical History Taking
General subdivision nurses' instruction.
650 22 - SUBJECT ADDED ENTRY--TOPICAL TERM
Topical term or geographic name entry element Physical Examination
General subdivision nurses' instruction.
650 22 - SUBJECT ADDED ENTRY--TOPICAL TERM
Topical term or geographic name entry element Interview, Psychological
General subdivision nurses' instruction.
653 ## - INDEX TERM--UNCONTROLLED
Uncontrolled term დიაგნოსტიკა
653 ## - INDEX TERM--UNCONTROLLED
Uncontrolled term ფიზიკური გასინჯვა
653 ## - INDEX TERM--UNCONTROLLED
Uncontrolled term ანამნეზის შეკრება
700 1# - ADDED ENTRY--PERSONAL NAME
Personal name Sims, Lina K.
700 ## - ADDED ENTRY--PERSONAL NAME
Personal name D'Amico, Donita
9 (RLIN) 596
700 ## - ADDED ENTRY--PERSONAL NAME
Personal name Stiesmeyer, K. Johanna
9 (RLIN) 597
700 ## - ADDED ENTRY--PERSONAL NAME
Personal name Webster, A. Judith
9 (RLIN) 598
906 ## - LOCAL DATA ELEMENT F, LDF (RLIN)
a 7
b cbc
c orignew
d 1
e ocip
f 19
g y-gencatlg
942 ## - ADDED ENTRY ELEMENTS (KOHA)
Source of classification or shelving scheme
Koha item type Books
Holdings
Withdrawn status Lost status Source of classification or shelving scheme Damaged status Not for loan Permanent location Current location Date acquired Inventory number Total Checkouts Full call number Barcode Date last seen Price effective from Koha item type
          Ken Walker International University Ken Walker International University 12/22/2020 2134   616 H-43 2134 12/22/2020 12/22/2020 Books

Powered by Koha